Studies in the quantity theory of money
محفوظ في:
| المؤلفون الرئيسيون: | , , , , |
|---|---|
| التنسيق: | كتاب |
| اللغة: | الإنجليزية |
| منشور في: |
Chicago
University of Chicago Press
1956
|
| سلاسل: | Studies in Economics
|
| الموضوعات: | |
| الوسوم: |
إضافة وسم
لا توجد وسوم, كن أول من يضع وسما على هذه التسجيلة!
|
MARC
| LEADER | 00000nam a2200000 a 4500 | ||
|---|---|---|---|
| 001 | UCR9426 | ||
| 003 | CL-VaPUC | ||
| 008 | 980613e19560000US |||||||||||||||||eng|d | ||
| 082 | 0 | 4 | |a 332.401 |b FRI |2 21 |
| 100 | 0 | |a Friedman, Milton |e author |9 356484 | |
| 700 | 0 | |a Cagan, Phillip |e author |9 411955 | |
| 700 | |a Klein, John J |e author |9 411956 | ||
| 700 | 0 | |a Lerner, Eugene M |e author |9 411957 | |
| 700 | 0 | |a Selden, Richard T |e author |9 411958 | |
| 245 | 1 | 0 | |a Studies in the quantity theory of money |
| 300 | |a 265 p | ||
| 942 | |c BK | ||
| 945 | |d 19980613 00:00:00 |a crobeson | ||
| 260 | |a Chicago |b University of Chicago Press |c 1956 | ||
| 650 | 7 | |a TEORIA MONETARIA |2 CL-VaPUC |9 375788 | |
| 650 | 0 | |a Dinero |9 314331 | |
| 650 | 0 | |a Inflación |9 257218 | |
| 650 | 0 | |a Política monetaria |9 258279 | |
| 650 | 0 | |a Precios |9 260787 | |
| 650 | 0 | |a Economía financiera |9 359635 | |
| 583 | |a last modification |c 19980613 00:00:00 |k Rodrigo Vera | ||
| 490 | 0 | |a Studies in Economics | |
| 999 | |c 270621 |d 270619 | ||
| 952 | |0 0 |1 0 |4 0 |6 332_401000000000000_FRI_1956 |7 0 |8 A |9 304974 |a BIBENE |b BIBENE |d 2019-11-20 |i 1413155 |o 332.401 FRI 1956 |p 1413155 |r 2025-01-15 |w 2019-11-20 |y BK |k ICO | ||